000 01103nam a2200277Ia 4500
003 IN-BaIIA
008 211028s9999 xx 000 0 eng d
020 _a981-02-4456-8
040 _cIIA Library
080 _a524.86(082.1)
_bCOS
100 _aCotti, U
_924708
111 _aInternational Workshop on Particle Physics and the Early Universe
_n3
_cTrieste, Italy
_d1999 Sep. 27-Oct. 2
_924709
245 0 _aCosmo - 99
_bproceedings of the third international workshop on particle physics and the early universe, held in Trieste, Italy, 27 September - 2 October 1999
_cU. Cotti…[ et al.]
260 _aSingapore
_bWorld Scientific
_c2000
300 _axv, 483p.
490 _aThe Abdus Salam International Centre for Theoretical Physics
650 _aBig bang nucleosynthesis
_924710
650 _aDark matter
_914945
650 _aHigh energy cosmic rays
_924711
650 _aNeutrinos
_91923
650 _aQ-balls
_924712
700 _aJeannerot, R
_924713
700 _aSenjanovic, G
_924714
700 _aSmirnov, A
_924715
942 _cBK
999 _c14063
_d14063